00907nam a2200205Ia 4500008004100000020001800041245012100059250002200180300002800202650025000230700003700480264002600517336002700543337003300570338002800603040003500631084001200666942000800678999001500686161108s9999 xx 000 0 und d a9789588296340 aAntología de poesía contemporánea :b México y Colombia /c selección y prólogo Federico Díaz-Granados aPrimera edición a351 páginas ;c 24 cm aLiteratura Mexicana - Siglo Xx / Literatura Colombiana - Siglo Xx / Poesia Mexicana - Siglo Xx - Antologias / Poesia Colombiana - Siglo Xx - Antologias / Autores Mexicanos - Siglo Xx / Autores Colombianos - Siglo Xx / Identidad Cultural - Poesia aDíaz-Granados, Federico, 1974- aBogotá :b Cangrejo atextobtxt2rdacontent asin mediaciónbn2rdamedia avolumenbnc2rdacarrier aCO-BoRNBPbspaerdacCO-BoRNBP aP ANT41 2loc c7383d7383